SPSS 11: guía para el análisis de datos

Guardat en:
Dades bibliogràfiques
Autors principals: Pardo Merino, Antonio (Autor), Ruiz, Miguel Ángel (Autor)
Format: Llibre
Idioma:espanyol
Publicat: Madrid McGraw-Hill 2002
Edició:1a. ed
Matèries:
Etiquetes: Afegir etiqueta
Sense etiquetes, Sigues el primer a etiquetar aquest registre!

MARC

LEADER 00000nam a2200000 a 4500
001 UCK6468
003 CL-VaPUC
008 050930e20020000SP |||||||||||||||||spa|d
020 |a 8448137507 
082 0 4 |a 005.369  |b PAR  |2 21 
100 |a Pardo Merino, Antonio  |e author  |9 309013 
700 0 |a Ruiz, Miguel Ángel  |e author  |9 495787 
245 1 0 |a SPSS 11: guía para el análisis de datos 
250 |a 1a. ed 
300 |a 715 p 
942 |c BK 
945 |d 20050930 00:00:00  |a jcarroza 
260 |a Madrid  |b McGraw-Hill  |c 2002 
650 0 |a Estadística matemática  |9 260028 
650 0 |a Ciencias sociales   |9 256351 
650 7 |a SPSS  |2 CL-VaPUC  |9 362442 
650 0 |a Proceso de datos   |9 259776 
650 0 |a Modelos matemáticos   |9 259437 
650 0 |a Software  |9 387312 
583 |a last modification  |c 20050930 00:00:00  |k Rodrigo Vera 
999 |c 314752  |d 314750 
952 |0 0  |1 0  |4 0  |6 005_369000000000000_PAR_2002  |7 0  |8 A  |9 387467  |a BIBGIM  |b BIBGIM  |d 2019-11-22  |i 4169867  |o 005.369 PAR 2002  |p 4169867  |r 2025-01-15  |w 2019-11-22  |y BK  |k EST 
952 |0 0  |1 0  |4 0  |6 005_369000000000000_PAR_2002  |7 0  |8 A  |9 387468  |a BIBGIM  |b BIBGIM  |d 2019-11-22  |i 4169859  |o 005.369 PAR 2002  |p 4169859  |r 2025-01-15  |w 2019-11-22  |y BK  |k EST 
952 |0 0  |1 0  |4 0  |6 005_369000000000000_PAR_2002  |7 0  |8 A  |9 387469  |a BIBGIM  |b BIBGIM  |d 2019-11-22  |i 4169840  |o 005.369 PAR 2002  |p 4169840  |r 2025-01-15  |w 2019-11-22  |y BK  |k EST